000 00303nam a2200133Ia 4500
005 20251222144738.0
008 251222s9999||||xx |||||||||||||| ||spa||
020 _a84-9632--41-1
082 _a231.91/F85
100 _aFrossard, André
245 0 _aNo Estamos Solos:
264 _bNorma
942 _cLIB
999 _c18852
_d18852